Vista normal
Vista MARC
Entrada Término temático
Número de registros utilizados en: 5
001 - CONTROL NUMBER
- control field: 254
003 - CONTROL NUMBER IDENTIFIER
- control field: PE SENCICO BE
005 - DATE AND TIME OF LATEST TRANSACTION
- control field: 20260218164612.0
008 - FIXED-LENGTH DATA ELEMENTS
- fixed length control field: 260218|| aca||babn | a|a d
040 ## - CATALOGING SOURCE
- Original cataloging agency: PE SENCICO BE
150 1# - HEADING--TOPICAL TERM
- Topical term or geographic name entry element: Análisis geotécnico